Un siglo y medio de intervención norteamericana en las Repúblicas de Centro América: 1823-1987
Guardat en:
| Format: | Text |
|---|---|
| Matèries: | |
| Etiquetes: |
Afegir etiqueta
Sense etiquetes, Sigues el primer a etiquetar aquest registre!
|
MARC
| LEADER | 00000 a a2200000 04500 | ||
|---|---|---|---|
| 001 | 5077 | ||
| 003 | |||
| 040 | |||
| 245 | |a Un siglo y medio de intervención norteamericana en las Repúblicas de Centro América: 1823-1987 | ||
| 650 | |a INTERVENCION EXTRANJERA | ||
| 650 | |a POLITICA | ||
| 650 | |a INDEPENDENCIA | ||
| 650 | |a ECONOMIA | ||
| 650 | |a HISTORIA POLITICA | ||
| 650 | |a CENTROAMERICA | ||
| 650 | |a ESTADOS UNIDOS | ||
| 773 | |g volumen 1, número 7; páginas 29-35 | ||
| 999 | |c 38690 |d 38690 | ||
